| 000 | 01799cam a2200421 i 4500 | ||
|---|---|---|---|
| 001 | 23319391 | ||
| 003 | OCoLC | ||
| 005 | 20260410152901.0 | ||
| 007 | t| | ||
| 008 | 260701s2023 txu 001 0 eng d | ||
| 010 | _a 2023946772 | ||
| 020 |
_a9798985242942 _qpaperback |
||
| 020 |
_z9798985242959 _qebook |
||
| 035 | _a(OCoLC)on1432533738 | ||
| 040 |
_aAU@ _beng _erda _cAU@ _dOCLCO _dOCLCQ _dDLC _dDLC-MRC _dDLC |
||
| 041 | _aeng | ||
| 042 | _alccopycat | ||
| 050 | 0 | 0 |
_aHM1126 _b.C556 2023 |
| 100 | 1 | _aCloke, Ken, | |
| 245 | 1 | 4 |
_aThe magic in mediation : _ba search for symmetries, metaphors and scale-free practices / _cKenneth Cloke. |
| 264 | 1 |
_a[Dallas, TX] : _bGoodMedia Press, _c[2023]. |
|
| 300 |
_axxiv, 519 pages _billustrations _c23 cm |
||
| 336 |
_atext _btxt _2rdacontent |
||
| 337 |
_aunmediated _bn _2rdamedia |
||
| 338 |
_avolume _bnc _2rdacarrier |
||
| 353 |
_aindex _bindex _0http://id.loc.gov/vocabulary/msupplcont/index |
||
| 504 | _aIncludes index. | ||
| 520 | _a"This book will examine a few of the sources of magic in mediation and the transformational skills and transcendent techniques that allow us to move beyond conciliation and compromise to collaboration and consensus and beyond settlement to resolution, forgiveness, reconciliation, and prevention"-- Provided by publisher. | ||
| 650 | 0 | _aConflict management. | |
| 650 | 0 |
_aMediation _xPsychological aspects. |
|
| 650 | 0 | _aMediation. | |
| 650 | 0 | _aInterpersonal communication. | |
| 758 | _1http://id.loc.gov/resources/instances/23319391 | ||
| 758 |
_4http://id.loc.gov/ontologies/bibframe/instanceOf _1http://id.loc.gov/resources/works/23319391 |
||
| 884 |
_aDLC bibframe2marc v3.1-dev _g20260107 _qDLC _uhttps://github.com/lcnetdev/bibframe2marc/tree/v3.1-dev |
||
| 942 |
_2lcc _cBK _n0 |
||
| 999 |
_c30508 _d30508 |
||